000
00300nam a2200109Ia 4500
008
190216s9999||||xx |||||||||||||| ||und||
100
_a
"Aggarwal Sk, Chhatwal Gr, Sinha Sc Etc..."
245
0
_a
Medical Colleges Entrance Examination
260
_b
Bright Careers
_c
1998
300
_a
902p
942
_c
REF
999
_c
36354
_d
36354